[Event "Club Championships"]
[Site "Wellington Chess Club"]
[Date "2013.08.08"]
[Round "2"]
[White "Rossiter, Philip"]
[Black "Jackson, Ross"]
[Result "0-1"]
[WhiteElo "1836"]
[BlackElo "1990"]

1. d4 Nf6 2. c4 c5 3. d5 e6 4. Nc3 exd5 5. cxd5 d6 6. Nf3 g6 7. g3 Bg7 8. Bg2
O-O 9. O-O a6 10. a4 Re8 11. Nd2 Nbd7 12. Nc4 Nb6 13. Nxb6 Qxb6 14. Qc2 Bd7 15.
Bd2 Qc7 16. a5 b5 17. axb6 Qxb6 18. e4 Reb8 19. Rfb1 Qb3 20. Qxb3 Rxb3 21. f4
Ne8 22. Bf1 Bd4+ 23. Kg2 Rab8 {#Diagram Black has a rather beautiful Benoni
position} 24. Kf3 {Now Black has a forced win}  ( {The computer recommends
grovelling with} 24. Nd1 {which is a surefire indication that White is in a
world of pain} ) 24... Rxb2 25. Rxb2 Rxb2 26. Be1 Rxh2 27. Rxa6 {#Diagram}
27... h5 $1 {Playing for mate. Very nice} 28. e5 dxe5 29. fxe5 Bxe5 30. Bb5 Nc7
$1 {A fine finishing touch} 31. Rb6 Nxb5 32. Nxb5 Rb2 0-1

[Event "Club Championships"]
[Site "Wellington Chess Club"]
[Date "2013.08.08"]
[Round "2"]
[White "Sellen, Ian"]
[Black "Nijman, Brian"]
[Result "1-0"]
[WhiteElo "2072"]
[BlackElo "2186"]

1. c4 c6 2. Nf3 d5 3. d4 Nf6 4. Nc3 dxc4 {Brian seems to have acquired a taste
for taking gambit pawns and seeing if he can hold on to them} 5. e4 b5 6. e5
Nd5 7. a3 $6 {going wrong already. Correct are a4 or Be2} 7... Bf5 8. Nh4 Nxc3
9. bxc3 Be6 {I'm not sure why black played this move rather than the more
natural looking Be4, but I suppose it doesn't really matter since the bishop is
always heading for d5} 10. Be2 Bd5 11. Nf5 Nd7 (11... Bxg2 12. Rg1 Be4 13.
Nxg7+ Kd7 14. Bf3 {and black is a bit tied up} ) 12. O-O Nb6 13. f4 Qd7 14. Ne3
Be4 {The computer sees this position as roughly equal} 15. Bg4 e6 16. f5 Nd5 (
16... c5 17. Rf4 cxd4 18. cxd4 Bc6 19. fxe6 fxe6 20. Ra2 Be7 21. Raf2 Nd5 22.
Rf7 {looks interesting. White has lots of compensation for the pawn} ) 17. fxe6
fxe6 18. Qe1 Be7 19. Qg3 $2 ( {some fantasy variations} 19. Nxc4 $1 Bd3 20.
Nd6+ Bxd6 (20... Kd8 $2 21. Rf7 Rf8 22. Rxg7 Kc7 23. c4 bxc4 (23... Rf1+ 24.
Qxf1 Bxf1 25. cxd5 cxd5 26. Kxf1 {Black is in trouble} ) 24. Qa5+ Nb6 25. Be3
c3 26. Bxe6 $1) 21. Rf3 h5 22. Bh3 Be7 23. Rxd3 O-O-O {fairly even} ) 19... Rf8
$6 ( {black can actually take this pawn} 19... Nxc3 20. Bd2 (20. Nxc4 $4 Qxd4+)
20... Nd5 (20... Qxd4 $2 21. Bxc3 Qxc3 22. Bxe6 {level} ) 21. a4 { black is
better, although the position is complicated} ) 20. Bd2 Rxf1+ (20... Bd3 21.
Rf2 Rxf2 22. Qxf2 a5 {looks better} ) 21. Nxf1 $6 ( {I can take this with the
rook, as } 21. Rxf1 Bxa3 $2 22. Nxd5 Bxd5 23. Bh5+ g6 24. Bxg6+ hxg6 25. Qxg6+
{wins material} ) 21... Kf7 22. Qh3 Nc7 23. Ng3 Bg6 24. Nh5 Kg8 25. Nf4 Bf5 26.
Bxf5 exf5 27. Qg3 Ne6 28. a4 $2 {giving away a whole pawn because of ...Nxd4.
Fortunately for me my opponent didn't see it. He was running out of time on his
clock} 28... a5 $2 29. axb5 $2 Nxf4 $2 { Nxd4 was still on} 30. Qxf4 cxb5 31.
Qf3 Ra7 $6 {not the best place for the rook. Black should maybe have considered
giving back the pawn at this stage} 32. d5 (32. Be3 { is a bit better} ) 32...
Bc5+ 33. Kh1 g6 34. d6 Qe6 $2 {the losing move!}  (34... Qb7 35. Qxb7 Rxb7 36.
Rxa5 Kf7 {gives chances for both sides} ) 35. Qc6 Qxe5 { black utterly failed
to see my next move} 36. d7 $1 {the only way to stop this pawn from queening is
by giving up the rook} 36... Rxd7 37. Qxd7 Bd6 {just have to stop the checkmate
threat...} 38. Qd8+ Kf7 39. Qh4 { and now it's resignable} 39... Qe2 40. Qxh7+
Kf6 41. Qh8+ Kf7 42. Qd4 Bf8 43. Re1 Qh5 44. Qd5+ Kg7 45. Qd7+ Kh8 46. Be3 (46.
Qf7 Bg7 47. Re8+ Kh7 48. Qg8#) 46... Qh4 47. Bd4+ Kg8 48. Qe6+ Kh7 49. Qf7+ 1-0

[Event "Club Championships"]
[Site "Wellington Chess Club"]
[Date "2013.08.08"]
[Round "2"]
[White "Sknar, Andrew"]
[Black "Aumeier, Beate"]
[Result "0-1"]
[WhiteElo "958"]
[BlackElo "992"]

1. e4 e5 2. Nf3 Nc6 3. Nc3 Nf6 4. d4 Bd6 5. dxe5 Bxe5 6. Nxe5 Nxe5 7. Bg5 O-O
8. Nd5 d6 9. Nxf6+ gxf6 10. Bf4 Ng6 11. Qd2 Re8 12. Bd3 f5 13. Qe3 c5 14. c4
Qa5+ 15. Ke2 Qb6 {#Diagram Faced with the same problem as Sknar Snr (king and
queen lined up against an enemy rook) Sknar Jnr decides to venture forward
instead of back. Is his king made of iron?...} 16. Kf3 $6 fxe4+ 17. Bxe4 Nh4+
$1 18. Kg3 Nf5+ $1 {...ah, no. Nice play by Beate.} 19. Bxf5 Rxe3+ 20. fxe3
Bxf5 21. Kf3 Qc6+ 22. e4 Qxe4+ 23. Kg3 Qd3+ 24. Kh4 Kh8 25. Kg5 Rg8+ 26. Kf6
Rg6+ 27. Kxf7 Be6+ 28. Ke7 Qf5 29. Kxd6 Qxf4+ 30. Kxc5 Qxc4+ 31. Kd6 Qd5+ 32.
Kc7 Rg7+ 33. Kb8 Qd8+ 34. Kxa7 Qd4+ 35. Kb8 Qd6+ 36. Ka8 Qa6+ 37. Kb8 Rg8+ 38.
Kc7 Qc6# 0-1

[Event "Club Championships"]
[Site "Wellington Chess Club"]
[Date "2013.08.08"]
[Round "2"]
[White "Stone, Andrew"]
[Black "Ker, Anthony"]
[Result "0-1"]
[WhiteElo "2076"]
[BlackElo "2422"]

1. e4 d6 2. d4 Nf6 3. Nc3 g6 4. Nf3 Bg7 5. Be2 O-O 6. O-O Bg4 7. h3 Bxf3 8.
Bxf3 Nc6 9. Bg5 h6 10. Be3 e5 11. dxe5 dxe5 12. Be2 Qc8 13. Qc1 Kh7 14. Bc5 Rd8
15. Bc4 b6 16. Be3 Rd7 17. Rd1 Na5 18. Be2 c6 19. b4 Nb7 20. Ba6 Rxd1+ 21. Qxd1
Qc7 22. Bxb7 Qxb7 23. Qd6 Ne8 24. Qd3 Qe7 25. a3 Rd8 26. Qe2 Nc7 27. Rd1 Ne6
28. Rxd8 Qxd8 29. Qd3 Qxd3 30. cxd3 Nf4 31. b5 cxb5 32. Nxb5 Nxd3 33. Nxa7 Bf8
34. Bxb6 Bxa3 35. Nc6 Kg7 36. Kf1 Kf6 37. Be3 Bc5 38. Bxc5 Nxc5 39. f3 h5 40.
h4 Ke6 41. Nd8+ Ke7 42. Nc6+ Kd6 43. Nd8 Ke7 44. Nc6+ Kd6 45. Nd8 f5 46. exf5
gxf5 47. Nf7+ Kd5 48. Ng5 e4 49. fxe4+ fxe4 50. Ke2 Kd4 51. g3 Nd7 52. Ne6+ Ke5
53. Nf4 Nf6 54. Ke3 Nd5+ 55. Nxd5 Kxd5 56. Ke2 $2 (56. g4 $1 { saves the half
point} 56... hxg4 57. h5 Ke5 58. h6 Kf6 59. Kxe4) 56... Kd4 57. Kd2 e3+ 58. Ke2
Ke4 59. Kf1 Kf3 60. Ke1 e2 61. g4 hxg4 0-1

[Event "Club Championships"]
[Site "Wellington Chess Club"]
[Date "2013.08.08"]
[Round "2"]
[White "Stracy, Don"]
[Black "Timergazi, Layla"]
[Result "1/2-1/2"]
[WhiteElo "1851"]
[BlackElo "1889"]

1. e4 c6 2. Nc3 d5 3. Nf3 Bg4 4. h3 Bxf3 5. Qxf3 e6 6. d3 Nd7 7. Be2 Ngf6 8. d4
dxe4 9. Nxe4 Qb6 10. c3 Nxe4 11. Qxe4 Nf6 12. Qc2 Bd6 13. O-O O-O 14. Bf3 Rfe8
15. Bg5 {draw agreed} 1/2-1/2

[Event "Club Championships"]
[Site "Wellington Chess Club"]
[Date "2013.08.08"]
[Round "2"]
[White "Van der Hoorn, Mark"]
[Black "Forster, Bill"]
[Result "1/2-1/2"]
[WhiteElo "2230"]
[BlackElo "2071"]

1. d4 c5 2. d5 e5 3. dxe6 dxe6 4. Qxd8+ Kxd8 5. e4 Nc6 6. Nf3 Bd6 7. Nc3 Nf6 8.
Nb5 Bb8 9. Bg5 Ke7 10. O-O-O a6 11. Nc3 h6 12. Be3 b6 13. h3 Bc7 14. Be2 Bb7
15. Nd2 Nd4 16. f3 Rhd8 1/2-1/2

[Event "Club Championships"]
[Site "Wellington Chess Club"]
[Date "2013.08.08"]
[Round "2"]
[White "Veldhuizen, Matt"]
[Black "Wevita, Roshan"]
[Result "1-0"]
[WhiteElo "1574"]
[BlackElo "1511"]

1. c4 e5 2. g3 Nf6 3. Bg2 c6 4. Nc3 d5 5. cxd5 cxd5 6. d3 Bc5 7. Nf3 Nc6 8. a3
O-O 9. O-O Bg4 10. Bg5 d4 11. Ne4 Be7 12. Nxf6+ Bxf6 13. Bxf6 Qxf6 14. Rc1 Rfe8
15. Nd2 Rab8 16. Ne4 Qh6 17. Re1 Bh3 18. Bh1 f5 19. Nd2 f4 20. Ne4 fxg3 21.
hxg3 Rf8 22. Qd2 Qg6 23. Rc5 Qf5 24. Qg5 Qf7 25. Qd2 Bf5 26. Rf1 Qe6 27. Qc2
Ne7 28. Ng5 Qf6 29. Qb3+ Kh8 30. Ne4 Bxe4 31. Bxe4 Ng6 32. Qc2 Rfe8 33. Rc1 Qe6
34. Qc4 Qg4 35. Bf3 Qh3 36. Bg2 Qf5 37. Qc2 h5 38. Be4 Qf7 39. Rc7 {#Diagram
White has absorbed a lot of Black kingside activity and now fires his first
shot in anger} 39... Re7 $4 {And Black immediately collapses} 40. Bxg6 Rxc7 41.
Qxc7 Qf8 42. Bxh5 Rd8 43. Kg2 $1 {Starting a very efficient and lethal mopping
up sequence. Well played Matt.} 43... Qf6 44. Bf3 Rf8 45. Rh1+ Kg8 46. Bd5+ Rf7
47. Qc8+ 1-0

[Event "Club Championships"]
[Site "Wellington Chess Club"]
[Date "2013.08.08"]
[Round "2"]
[White "Walters, Taina"]
[Black "Wight, Joshua"]
[Result "0-1"]
[WhiteElo "1119"]
[BlackElo "1231"]

1. e4 e5 2. Nf3 Nc6 3. Bb5 Nf6 4. d3 Be7 5. Nc3 O-O 6. Bd2 d6 7. Nd5 Bg4 8.
Nxe7+ Qxe7 9. h3 Bxf3 10. gxf3 Nh5 11. c3 a6 12. Bc4 Na5 13. Bb3 Qf6 14. Rg1
Nf4 15. Bc2 g6 16. Bxf4 Qxf4 17. Rg4 Qh2 18. h4 h5 19. Rg3 Qxh4 20. b4 Nc6 21.
Bb3 Qf6 22. Ke2 Ne7 23. Qh1 Kg7 24. Qxh5 Rh8 25. Qg4 Rh4 26. Qd7 Rc8 27. Rag1
Rh6 28. Rg5 b5 29. Rf5 Nxf5 30. Qxc8 Nh4 31. Rg3 Rh8 32. Qxa6 Rb8 33. Qc6 Qd8
34. Qd5 Qd7 35. Bd1 c6 36. Qb3 d5 37. Rg4 Rh8 38. a4 f5 39. Rg3 fxe4 40. fxe4
dxe4 41. dxe4 Kf6 42. Rd3 Qe7 43. axb5 cxb5 44. Qd5 Ng2 {Not sure of the last
moves. Black won, so maybe some of these moves are wrong} 0-1

[Event "Club Championships"]
[Site "Wellington Chess Club"]
[Date "2013.08.08"]
[Round "2"]
[White "Whittle, Jonathon"]
[Black "Cunningham, Patrick"]
[Result "0-1"]
[WhiteElo "1736"]
[BlackElo "1590"]

1. Nf3 c5 2. c4 Nf6 3. g3 Nc6 4. d4 e6 5. Bg2 Be7 6. O-O O-O 7. b3 d5 8. Bb2
Qc7 9. Nc3 a6 10. e3 b6 11. cxd5 exd5 12. dxc5 Bg4 13. cxb6 Qxb6 14. Nxd5 Nxd5
15. Qxd5 Rad8 16. Qc4 Be6 17. Qe2 Bg4 {#Diagram White has won two pawns and
should win. But...} 18. h3 Bh5 19. g4 Bg6 {Threatening to win the exchange.}
20. Ne5 $2 {Only apparently addressing the threat} 20... Nxe5 21. Bxe5 Bd3
{Okay this is a shame, but with two pawns for the exchange and a pair of
bishops I imagine Kramnik for example would consider White to still be winning.
But....} 22. Bd4 $4 {This reminds me of Andreas Theodosiou. Incidentally where
are you Andreas? Sometimes you have to take your punishment and resist the
temptation to throw in a counter threat instead.} 22... Rxd4 $1 {Now Black has
a piece instead of an exchange} 23. Qb2 Rd6 24. Rad1 $2 {And after this third
mysterious lapse Black has a rook instead of a piece.} 24... Bxf1 25. Rxd6 Qxd6
26. Bxf1 Rd8 0-1

[Event "Club Championships"]
[Site "Wellington Chess Club"]
[Date "2013.08.15"]
[Round "3"]
[White "Aldridge, Alan"]
[Black "Sellen, Ian"]
[Result "0-1"]
[WhiteElo "1990"]
[BlackElo "2072"]

1. b3 d5 2. Bb2 Nf6 3. e3 Bf5 4. Nf3 g6 5. Be2 Bg7 6. O-O O-O 7. d3 c5 8. Nbd2
Nc6 9. Nh4 Bd7 10. f4 Re8 11. Ndf3 {#Diagram} 11... Ng4 $1 {This knight is
heading to e3 where it takes up residence as the proverbial "bone in the
throat" and makes white's lot a misery} 12. Bxg7 Kxg7 13. Qd2 d4 $1
{Unfortunately for white he hasn't time to push away the intruder on g4 and
play e4} 14. exd4 cxd4 15. Ne5 Ncxe5 16. fxe5 Ne3 17. Rf4 Rc8 18. Rc1 Qb6 19.
Nf3 Bc6 20. h3 Bxf3 21. Bxf3 Rc3 22. Qf2 f6 23. exf6+ exf6 24. Re4 Rxe4 25.
Bxe4 Qc7 26. Qf3 b6 27. Ba8 Rxc2 28. Rxc2 Nxc2 29. Qe4 Nb4 30. Kh1 {A puzzling
move presumably played to avoid a queen exchange. But after}  (30. Qxd4 Qc5 31.
Qxc5 bxc5 {White has escaped into an ending a pawn down which compared to his
strangled middlegame is luxury} ) 30... Nxa2 31. Qxd4 Nc3 32. b4 Nb5 33. Qe4
Nd6 34. Qe1 a5 35. bxa5 bxa5 36. Bd5 Nf5 37. Bc4 Qe5 38. Qb1 Ng3+ 39. Kg1 Ne2+
40. Kf2 Nd4 41. Qb7+ Kh6 42. Qe4 a4 43. Qxe5 fxe5 {The outside passed pawn
makes this more than just a pawn up ending for black} 44. Ke3 Kg5 45. Ke4 Kf6
46. g4 g5 47. Bg8 h6 (47... Ne6 $1 {would have been cute, but Black has the
situation under control} ) 48. Bc4 Ne2 49. Kf3 Nc3 50. Ke3 a3 51. Kd2 a2 0-1

[Event "Club Championships"]
[Site "Wellington Chess Club"]
[Date "2013.08.15"]
[Round "3"]
[White "Bennett, Ezra"]
[Black "Walters, Taina"]
[Result "0-1"]
[WhiteElo "853"]
[BlackElo "1119"]

1. g3 d5 2. Bg2 e5 3. e3 Nf6 4. Ne2 Nc6 5. O-O h5 6. d4 h4 7. h3 g5 8. Nec3 g4
9. Bh1 gxh3 10. f4 hxg3 11. dxe5 h2+ 12. Kg2 Bh3+ 13. Kf3 Qc8 14. Kxg3 Bxf1 15.
Qxf1 Qg4+ 16. Kf2 Qh4+ 17. Ke2 Rg8 18. exf6 Rg1 19. Qf2 Qxf2+ 20. Kxf2 Rxc1 21.
Nxd5 O-O-O 22. Bf3 h1=Q 23. Bxh1 Rxh1 24. Ndc3 Nb4 25. a3 Nxc2 26. Ra2 Bc5 27.
a4 Nxe3 28. Kf3 Rf1+ 29. Ke2 Rxf4 30. a5 Nc2 31. a6 b6 32. Nd2 Re8+ 33. Nde4
Bb4 34. Nb5 Rexe4+ 35. Kd3 Kb8 36. Kxc2 c6 37. Nc3 Bxc3 38. bxc3 Re2+ 39. Kb3
Rxa2 40. Kxa2 Rxf6 41. Kb3 Rd6 42. Kc4 f5 43. Kb3 f4 44. Kc4 f3 45. Kb3 f2 46.
Kc4 f1=Q+ 47. Kb3 Qd1+ 48. Kc4 Qa4# 0-1

[Event "Club Championships"]
[Site "Wellington Chess Club"]
[Date "2013.08.15"]
[Round "3"]
[White "Brockway, Andrew"]
[Black "Heaton, Ken"]
[Result "1-0"]
[WhiteElo "1770"]
[BlackElo "1684"]

1. e4 c6 2. d4 d5 3. exd5 cxd5 4. Bd3 Nc6 5. c3 e6 6. Bf4 Nge7 7. Nf3 Ng6 8.
Bg3 Be7 9. Nbd2 O-O 10. Qe2 Bd7 11. Ne5 Ncxe5 12. dxe5 Qb6 13. Nf3 Rac8 14. O-O
f5 15. exf6 Bxf6 16. Bxg6 hxg6 17. Qd2 Be7 18. Ne5 Be8 19. Nf3 Bd6 20. Bxd6
Qxd6 21. Rfe1 Rf5 22. Qe3 {#Diagram} Kf7 23. Ng5+ Rxg5 24. Qxg5 Bc6 25. Qe5 Qxe5 26. Rxe5
Rh8 27. Rae1 Bd7 28. R5e2 Re8 29. Rd2 Rc8 30. Rd4 Rc4 31. Rxc4 dxc4 32. Re4 b5
33. f3 Bc6 34. Rd4 Bd5 35. Kf2 e5 36. Rxd5 1-0

[Event "Club Championships"]
[Site "Wellington Chess Club"]
[Date "2013.08.15"]
[Round "3"]
[White "Cook, John"]
[Black "Stracy, Don"]
[Result "0-1"]
[WhiteElo "1604"]
[BlackElo "1851"]

1. d4 Nf6 2. e3 d5 3. Bd3 c5 4. c3 Nc6 5. Nd2 e5 6. dxe5 Ng4 7. Ngf3 Ngxe5 8.
Bb5 Bd7 9. O-O a6 10. Be2 Bd6 11. Qb3 Na5 12. Qc2 Nac6 13. Qb3 Na5 14. Qc2
Nxf3+ 15. Nxf3 O-O 16. e4 dxe4 17. Qxe4 Re8 18. Qc2 Rxe2 19. Qxe2 Bb5 20. Qc2
Bxf1 21. Kxf1 h6 22. b3 c4 23. b4 Nc6 24. Be3 Qc7 25. g3 Ne5 26. Nxe5 Bxe5 27.
Rd1 Rd8 28. Rxd8+ Qxd8 29. Qd2 Qxd2 30. Bxd2 f5 31. Ke2 Kf7 32. Be1 Ke6 33. Kd2
g5 34. Kc2 b5 35. Kd2 h5 36. h3 Kd5 37. f3 g4 38. hxg4 hxg4 {#Diagram} 39. fxg4
$2 {An instructive mistake. White had to sit tight. He needs the f3 pawn to
keep Black's king out of e4, or failing that he needs f3 for his king (to keep
Black's king out of e4)....} 39... fxg4 40. Ke3 Bc7 41. Bf2 Ke5 42. Be1 Bb6+
{...because e3 is not permanently available. White is completely helpless.} 43.
Ke2 Ke4 44. Bd2 Bc7 45. Be1 Be5 {These sort of situations would be tenable if
there was no concept of Zugzwang in chess. White has one tempo move, but black
can always waste a move with his bishop before returning it to e5 when White's
bishop is on e1.} 46. Kd2 ( {eg} 46. a3 Bh8 47. Bd2 Bg7 48. Be1 Be5 {exhausts
the tempo move} ) 46... Kf3 47. Kc2 Bxg3 48. Bd2 Bf2 0-1

[Event "Club Championships"]
[Site "Wellington Chess Club"]
[Date "2013.08.15"]
[Round "3"]
[White "Dive, Russell"]
[Black "Van der Hoorn, Mark"]
[Result "1-0"]
[WhiteElo "2422"]
[BlackElo "2230"]

1. Nf3 d5 2. c4 d4 3. d3 Nc6 4. g3 e5 5. Bg2 Bg4 6. h3 Bh5 7. O-O Qd7 8. Nbd2
Be7 9. a3 a5 10. Qa4 Ra6 {#Diagram Black's play is imaginative, he has clamped
down on b4,  and I suppose he hopes the rook might participate in a future
kingside attack (particularly if white is tempted by g4, creating weaknesses)}
11. Qb5 Nf6 {Watching next door, I didn't understand the unlikely looking
11.Qb5, sure white's game seems a little restricted, but isn't this an implicit
draw offer?}  ( {No, because after} 11... Rb6 {white has the shot} 12. Nxe5 $1
{and after something like} 12... Rxb5 13. Nxd7 Rg5 14. Bxc6 bxc6 15. Nf3 Rg6
16. Nde5 Re6 {white has a big material and posititional advantage} )  (11... f6
$1 {is best, eliminating Nxe5 ideas} ) 12. Qxb7 Rb6 13. Qa8+ Rb8 (13... Qd8
{limits the damage somewhat, but white retains both a material and positional
advantage} ) 14. Nxe5 $1 {Now even stronger than in the earlier note} 14...
Rxa8 15. Bxc6 {White is simply two pawns up}  ( {Importantly} 15. Bxc6 Qxc6 16.
Nxc6 Bxe2 $2 {Doesn't get a pawn or two back because the e file situation will
cost black a piece} ) 1-0

[Event "Club Championships"]
[Site "Wellington Chess Club"]
[Date "2013.08.15"]
[Round "3"]
[White "Farrington, Lawrence"]
[Black "Marney, John"]
[Result "1/2-1/2"]
[WhiteElo "1761"]
[BlackElo "1600"]

1. e4 e6 2. d4 d5 3. Nc3 Nf6 4. Bg5 Be7 5. e5 Nfd7 6. Bxe7 Qxe7 7. f4 c5 8. Nf3
a6 9. Bd3 Nc6 10. Be2 O-O 11. O-O f6 12. Na4 cxd4 13. Nxd4 fxe5 14. fxe5 Ncxe5
15. b3 b5 16. Nb2 Bb7 17. Nd3 Nxd3 18. Bxd3 Qc5 19. Kh1 Rxf1+ 20. Bxf1 Qd6 21.
Qg4 Re8 22. Bd3 Ne5 23. Qg3 Nf7 24. Qh4 Nh6 25. Re1 e5 26. Nf5 Nxf5 27. Bxf5 g6
28. Qg3 Kh8 29. Bg4 Qf6 30. Qf3 Qxf3 31. gxf3 e4 32. fxe4 dxe4 33. Bf3 Kg7 34.
Kg1 Bc6 35. Bg2 Re7 36. Re3 b4 37. Bf1 a5 38. Kf2 Kf6 39. Re1 Ke5 40. Ke3 g5
41. Be2 Re6 42. Rg1 h6 43. Rc1 Rg6 44. c3 g4 45. cxb4 axb4 46. Bxg4 Rxg4 47.
Rxc6 Rh4 48. Rc4 Rh3+ 49. Kf2 Rxh2+ 50. Ke3 Rh3+ 51. Ke2 h5 52. Rxb4 h4 53. a4
Kf4 54. a5 Rh1 55. a6 Rh2+ 56. Ke1 Ke3 57. Kd1 Kd3 58. Kc1 Kc3 59. Rc4+ Kxb3
60. Rxe4 Rh1+ 61. Kd2 Ra1 62. Rxh4 Rxa6 63. Rh3+ {Draw agreed} 1/2-1/2

[Event "Club Championships"]
[Site "Wellington Chess Club"]
[Date "2013.08.15"]
[Round "3"]
[White "Forster, Bill"]
[Black "Nyberg, Michael"]
[Result "0-1"]
[WhiteElo "2071"]
[BlackElo "2027"]

1. e4 c5 2. Nc3 d6 3. f4 Nc6 4. Nf3 g6 5. Bb5 Bg7 6. O-O a6 7. Bxc6+ bxc6 8. d3
Nf6 9. Qe1 O-O 10. Qh4 Rb8 {#Diagram I thought I had a dream Grand Prix position, but
the computer prefers Black (just). Go figure} 11. f5 {When Gawain Jones (the
world expert on this line!) coached me, he always emphasised that White has to
be prepared to make this move as a sacrifice in these positions.} 11... h5
{Clearly Borg doesn't agree with the comp either, else he wouldn't make such a
serious concession.} 12. fxg6 fxg6 13. Rb1 {I couldn't quite see a way through
so I made a precautionary move first, so I could later move the bishop without
worry.} 13... Nh7 {I didn't see the point of this move, assumed it was just
random grovelling, and spent a lot of time just thinking only about what I was
trying to achieve. A classic beginner's mistake.} 14. Qg3 $2 {If I had just
followed the old rule of looking at all checks and captures I could have
avoided this embarrassing mistake} 14... Bg4 {cautious}  (14... Bxc3 15. Bh6
Bg7 $4 (15... Rxf3 16. Qxg6+ Kh8 17. gxf3 {and black is better} ) 16. Qxg6 Rf7
17. Ne5 $1 {winning would have unjustly rewarded me for my oversight } ) 15.
Kh1 $4 {Still dreaming about glory - I was planning to play h3 then gxf3 and
use the g file.} 15... Bxc3 $1 {There's only one word for it. Bugger.} 16. h3
Be5 $1 {A nice move to avoid all swindling chances} 0-1

[Event "Club Championships"]
[Site "Wellington Chess Club"]
[Date "2013.08.15"]
[Round "3"]
[White "Ker, Anthony"]
[Black "Pomeroy, Arthur"]
[Result "1-0"]
[WhiteElo "2422"]
[BlackElo "2113"]

1. e4 c5 2. c3 Nf6 3. e5 Nd5 4. Nf3 e6 5. d4 cxd4 6. cxd4 d6 7. Bc4 Nc6 8. O-O
Be7 9. Qe2 O-O 10. Nc3 dxe5 11. dxe5 Nxc3 12. bxc3 Qa5 13. Qe4 Qa4 14. Qe2 Qa5
15. Bd3 Rd8 16. Rd1 Bd7 17. Rb1 Qc7 18. Qe4 g6 19. h4 Na5 20. Ng5 Bc6 21. Qf4
{#Diagram The computer defends for black, but only by the very unnatural
method of exchanging Be7 for Ng5} 21... Bf8 {This human move (not conceding the
two bishops, and retaining a defender of the weakened black squares) loses
routinely} 22. h5 Bg7 23. hxg6 hxg6 24. Qh4 Bxe5 25. Qh7+ Kf8 26. Nxe6+ fxe6
27. Ba3+ Bd6 28. Qxc7 1-0

[Event "Club Championships"]
[Site "Wellington Chess Club"]
[Date "2013.08.15"]
[Round "3"]
[White "Sknar, Andrew"]
[Black "Veldhuizen, Matt"]
[Result "0-1"]
[WhiteElo "1370"]
[BlackElo "1574"]

1. e4 c6 2. d4 d5 3. e5 Bf5 4. g4 Bg6 5. h4 h5 6. g5 e6 7. c4 Ne7 8. c5 Nd7 9.
Bd3 Nf5 10. Bxf5 Bxf5 11. Nh3 Be7 12. Nf4 g6 13. a4 b6 14. b4 bxc5 15. dxc5 Rb8
16. Bd2 Qc7 17. Bc3 O-O 18. Nxh5 Nxe5 19. Nf6+ Bxf6 20. gxf6 Bg4 21. Qc2 Nf3+
22. Kf1 Rb7 23. Qc1 Kh7 24. Qe3 Rd8 25. Bd2 Nxd2+ 26. Qxd2 Qe5 27. Ra3 Qxf6 28.
Rg3 Bh5 29. Rg5 Qa1 30. Qd3 f5 31. Kg2 Rxb4 32. Nc3 Qa3 33. Rg3 Rb3 34. Qd4 Rf8
35. Qe5 Qxc5 36. Qc7+ Kg8 37. Qe5 Qe7 38. Ne2 Rxg3+ 39. Nxg3 Qf6 40. Qc7 Rf7
41. Qxc6 f4 42. Nxh5 gxh5 43. f3 Rg7+ 44. Kf2 Qb2+ 45. Ke1 Qa1+ 46. Ke2 Rg2+
47. Kd3 Qa3+ 48. Qc3 Qxc3+ 49. Kxc3 Rg3 50. Rf1 Rh3 51. Rg1+ Kf7 52. Rf1 Rxh4
53. Kd4 0-1

[Event "Club Championships"]
[Site "Wellington Chess Club"]
[Date "2013.08.15"]
[Round "3"]
[White "Timergazi, Layla"]
[Black "Stoeveken, Peter"]
[Result "1-0"]
[WhiteElo "1889"]
[BlackElo "1910"]

1. d4 Nf6 2. c4 d6 3. Nc3 g6 4. e4 Bg7 5. h3 c6 6. Be3 Qa5 7. Qd2 Nbd7 8. Nf3
a6 9. a3 Qc7 10. Bd3 h6 11. Rc1 g5 12. b4 g4 13. hxg4 Nxg4 14. Bf4 e5 15. dxe5
Ndxe5 16. Nxe5 Bxe5 17. Bxe5 Nxe5 18. Be2 Be6 19. Rxh6 O-O-O 20. Nd5 Rxh6 21.
Qxh6 Qb8 {#Diagram} 22. f4 $1 Ng6 (22... Ng4 {is very interesting, after} 23.
Bxg4 Bxg4 24. Nb6+ Kc7 25. c5 {White wins because Black cannot usefully stop
Qf6 and Qe7+ forcing something onto d7 and allowing Qd6+} ) 23. f5 {simply
winning material} 23... Rh8 24. Qg7 Rh1+ 25. Kd2 Rxc1 26. Qg8+ {very precise}
26... Kd7 27. fxe6+ 1-0